[Event "Fagernes Norsk op-B"]
[Site "Fagernes"]
[Date "2014.04.13"]
[Round "8"]
[White "Cerkezovic, Emir"]
[Black "Tallaksen, Henrik G"]
[Result "1/2-1/2"]
[WhiteElo "1407"]
[BlackElo "1743"]
[PlyCount "56"]
[EventDate "2014.04.13"]
[EventType "swiss"]
[EventRounds "9"]
[EventCountry "NOR"]
[SourceTitle "EXT 2016"]
[Source "ChessBase"]
[SourceDate "2015.10.08"]
[SourceVersion "1"]
[SourceVersionDate "2015.10.08"]
[SourceQuality "1"]

1. Nf3 c5 2. g3 Nc6 3. Bg2 g6 4. 0-0 Bg7 5. c3 d6 6. d4 cxd4 7. cxd4 Bg4 8. e3 Qc8 9. Qa4 d5 10. Nc3 Bxf3 11. Bxf3 e6 12. Bd2 Nge7 13. b4 a6 14. Rfc1 b5 15. Qb3 0-0 16. a4 Qd7 17. axb5 axb5 18. Rxa8 Rxa8 19. Nxb5 Rb8 20. Be2 Bf8 21. Na3 Na7 22. b5 Nec8 23. Bb4 Bxb4 24. Qxb4 Qd6 25. Qc5 Rb6 26. Rb1 Qb8 27. f3 Nd6 28. Bd3 f5 1/2-1/2

[Event "Politiken Cup 35th"]
[Site "Helsingor"]
[Date "2013.08.04"]
[Round "10"]
[White "Rendlev, Niels Moller"]
[Black "Tallaksen, Henrik G"]
[Result "1-0"]
[WhiteElo "1843"]
[BlackElo "1725"]
[PlyCount "75"]
[EventDate "2013.07.27"]
[EventType "swiss"]
[EventRounds "10"]
[EventCountry "DEN"]
[SourceTitle "CBM 155 Extra"]
[Source "ChessBase"]
[SourceDate "2013.08.26"]
[SourceVersion "1"]
[SourceVersionDate "2013.08.26"]
[SourceQuality "1"]

1. e4 c5 2. d4 cxd4 3. c3 dxc3 4. Nxc3 Nc6 5. Nf3 e6 6. Bc4 Bb4 7. 0-0 Bxc3 8. bxc3 Nge7 9. Qd6 0-0 10. Bg5 f6 11. Bh4 Ng6 12. Bg3 Qe7 13. Rfd1 Kh8 14. Nd4 a6 15. Nb3 b6 16. Rd2 e5 17. Rad1 Re8 18. f3 h6 19. Bf2 b5 20. Bf1 Nf4 21. Nc5 Qxd6 22. Rxd6 Na5 23. Nxd7 Bxd7 24. Rxd7 Rac8 25. g3 Ng6 26. Bb6 Nc4 27. Bxc4 Rxc4 28. Ra7 Re7 29. Ra8+ Kh7 30. Ba5 Ra4 31. Bb4 Re6 32. a3 Nh8 33. Rd7 Kg6 34. Rxh8 a5 35. Bf8 Rc4 36. Rxg7+ Kh5 37. g4+ Kh4 38. Rxh6# 1-0

[Event "NOR-ch Class3"]
[Site "Lillehammer"]
[Date "2013.06.29"]
[Round "9"]
[White "Hjortas, Olav"]
[Black "Tallaksen, Henrik G"]
[Result "1-0"]
[WhiteElo "1441"]
[BlackElo "1293"]
[PlyCount "82"]
[EventDate "2013.06.29"]
[EventType "swiss"]
[EventRounds "9"]
[EventCountry "NOR"]
[SourceTitle "EXT 2017"]
[Source "ChessBase"]
[SourceDate "2016.10.25"]
[SourceVersion "1"]
[SourceVersionDate "2016.10.25"]
[SourceQuality "1"]

1. d4 c5 2. c3 e6 3. e4 Nf6 4. e5 Nd5 5. c4 Nb6 6. Be3 cxd4 7. Bxd4 Nc6 8. Nc3 Bb4 9. a3 Nxd4 10. axb4 Nc6 11. c5 Nd5 12. Nxd5 exd5 13. Qxd5 Nxb4 14. Qe4 Nc6 15. Bd3 Qe7 16. Nf3 Qxc5 17. 0-0 b6 18. Rac1 Qe7 19. Rxc6 Bb7 20. Rc8+ Rxc8 21. Qxb7 0-0 22. Qe4 g6 23. Qf4 f6 24. exf6 Rxf6 25. Bc4+ Kh8 26. Qd4 h5 27. Ng5 Qg7 28. Rd1 Rc7 29. Re1 Rc8 30. Rd1 Rc7 31. h3 Rc5 32. Ne4 Rf4 33. Qxg7+ Kxg7 34. Nxc5 Rxc4 35. Rxd7+ Kh6 36. Nd3 a5 37. Kf1 a4 38. Rb7 Rd4 39. Ke2 Rd6 40. Kd2 Kg5 41. Ra7 Rd4 1-0

[Event "NOR-ch Class3"]
[Site "Lillehammer"]
[Date "2013.06.29"]
[Round "1"]
[White "Tallaksen, Henrik G"]
[Black "Larsen, Bror Johannes"]
[Result "1-0"]
[WhiteElo "1293"]
[BlackElo "1463"]
[PlyCount "75"]
[EventDate "2013.06.29"]
[EventType "swiss"]
[EventRounds "9"]
[EventCountry "NOR"]
[SourceTitle "EXT 2017"]
[Source "ChessBase"]
[SourceDate "2016.10.25"]
[SourceVersion "1"]
[SourceVersionDate "2016.10.25"]
[SourceQuality "1"]

1. c4 Nf6 2. Nc3 d6 3. g3 Nbd7 4. Bg2 g6 5. Nf3 Bg7 6. 0-0 0-0 7. d3 e5 8. Bd2 Rb8 9. Rb1 Nh5 10. b4 f5 11. Qb3 c5 12. a4 h6 13. Nb5 Nb6 14. a5 a6 15. axb6 axb5 16. bxc5 bxc4 17. Qxc4+ d5 18. Qb3 Kh7 19. Bb4 Re8 20. Nd2 Be6 21. Qc2 Rc8 22. Rfc1 Bf8 23. Ra1 Qd7 24. Qa4 Nf6 25. Qxd7+ Nxd7 26. Nb3 Nxb6 27. Ra7 Rb8 28. cxb6 Bxb4 29. Rc7+ Re7 30. Nc5 Bxc5 31. Rxc5 e4 32. Rc7 Rd7 33. dxe4 dxe4 34. f3 e3 35. f4 Kg8 36. Rxd7 Bxd7 37. Rxb7 Rc8 38. Rxd7 1-0